Statistics for All World Capitals Ever Controlled by the British

Click here to take the quiz!

General Stats

  • This quiz has been taken 721 times
    (529 since last reset)
  • The average score is 51 of 92

Answer Stats

Capital% Correct
Washington DC
93%
Ottawa
92%
New Delhi
89%
Dublin
88%
Canberra
87%
Cairo
85%
London
84%
Wellington
82%
Islamabad
80%
Kingston
78%
Kingstown
78%
Cape Town
77%
Jerusalem
76%
Paris
75%
Baghdad
72%
Nairobi
72%
Dhaka
71%
Singapore
70%
Kuala Lumpur
69%
Abuja
68%
Khartoum
68%
Pretoria
68%
Accra
65%
Georgetown
65%
Kabul
65%
Muscat
64%
Nassau
64%
Abu Dhabi
63%
Beirut
63%
Kuwait City
63%
Damascus
62%
Doha
62%
Tehran
62%
Valletta
62%
Amman
61%
Jakarta
59%
Nicosia
59%
Port Moresby
59%
Addis Ababa
58%
Harare
58%
Kampala
57%
Mogadishu
57%
Belmopan
56%
Kathmandu
56%
Windhoek
56%
Freetown
54%
Port-of-Spain
54%
Tripoli
54%
Suva
52%
Bloemfontein
51%
Apia
50%
Bridgetown
50%
Juba
50%
Lusaka
50%
Manama
49%
St. John's
49%
Victoria
49%
Havana
48%
Dodoma
47%
St. George's
47%
Gaborone
46%
Malé
46%
Djibouti
45%
Basseterre
44%
Castries
44%
Naypyidaw
44%
Asmara
43%
Banjul
42%
Sri Jayawardenapura Kotte
42%
Thimphu
42%
Bandar Seri Begawan
41%
Antananarivo
40%
Funafuti
40%
Lilongwe
40%
Roseau
40%
Honiara
39%
Lomé
39%
Nuku'alofa
39%
Port Louis
39%
South Tarawa
38%
Reykjavik
37%
Maseru
36%
Mbabane
36%
Port Vila
36%
Yaren
36%
Baku
33%
Tbilisi
30%
Buenos Aires
28%
Paramaribo
28%
Bissau
27%
Malabo
24%
Montevideo
20%

Score Distribution

Percentile by Number Answered

Percent of People with Each Score

Your Score History

You have not taken this quiz since the last reset